Logo BPK

Bibliografia Prac Pracowników

Politechniki Koszalińskiej

Marketing ekologiczny / (Rekord nr 8672)

Szczegóły MARC
000 -ETYKIETA REKORDU
podpole kontrolne o stałej długości 00522naa a2200145 i 4500
001 - NUMER KONTROLNY REKORDU
podpole kontrolne 8672
003 - IDENTYFIKATOR NUMERU KONTROLNEGO REKORDU
podpole kontrolne KOSZ 005
005 - DATA OSTATNIEJ MODYFIKACJI REKORDU
podpole kontrolne 20180224111811.0
008 - POLE O STAŁEJ DŁUGOŚCI - DANE KONTROLNE
podpole kontrolne o stałej długości 180224s2002 pl ||||f |||| 00| | pol d
040 ## - ŹRÓDŁO KATALOGOWANIA
Instytucja, która sporządziła opis KOSZ 005/HR
Instytucja, która utworzyła rekord KOSZ 005
100 1# - NAZWA OSOBOWA
Nazwa osobowa KLONOWSKA-MATYNIA, Maria.
Lata pracy 1999 -
Instytucja Politechnika Koszalińska - Wydział Nauk Ekonomicznych,
Wydział Katedra Ekonomii
245 10 - TYTUŁ/ODPOWIEDZIALNOŚĆ
Tytuł Marketing ekologiczny /
Pozostałe elementy strefy tytułu i oznaczenia odpowiedzialności Maria Klonowska-Matynia.
773 0# - TYTUŁ DOKUMENTU MACIERZYSTEGO
Wyrażenie wprowadzające W :
Tytuł Aura. -
Adres wydawniczy Warszawa : SIGMA-NOT.
Informacje dotyczące relacji 2002, nr 2, s. 12-14
ISSN 0137-3668
942 ## - HASŁO DODATKOWE - ELEMENTY(KOHA)
Schemat klasyfikacji Uniwersalna klasyfikacja dziesiętna
Typ dokumentu Artykuł

Brak dostępnych egzemplarzy.

© 2014 Biblioteka Politechniki Koszalińskiej :: BIBLIOGRAFIA PRAC PRACOWNIKÓW